000 00504nam a2200181Ia 4500
005 20250508162727.0
008 008 250505s9999 xx 000 0 hin d
037 _aTextual
040 _aFEDL
_beng
_cFEDL
041 _ahin
_2eng
084 _a891.431, RAG
_qFEDL
100 _aRaghuvir Sahay
_9773923
245 0 _aHaso haso jaldi haso
260 _aNew Delhi, India
_bNational Publishing House
_c1958
300 _a80p.
942 _cTEXL
_h891.431, RAG
999 _c1378336
_d1378336